LEADER 01797cam1 2200361 450 001 E600200044467 005 20181011083616.0 100 $a20090129e18471968|||||ita|0103 ba 101 $afre 102 $aFR 200 1 $aOeuvres$fCondorcet 205 $aNouvelle impression en facsimilé de l'édition Paris 1847-1849 210 $aStuttgart-Bad Cannstatt$cFrommann$d1968 215 $a12 volumi$d21 cm 463 1$1001SOBE00060665$12000 $a<<1: [>>Biographie de Condorcet, correspondance, et oeuvres diverses] / Condorcet 463 1$1001SOBE00060666$12000 $a<<2: [>>Éloges. 1] / Condorcet 463 1$1001SOBE00060669$12000 $a<<3: [>>Éloges. 2] / Condorcet 463 1$1001SOBE00060670$12000 $a<<4: [>>Melanges de litterature et de philosophie. 1] / Condorcet 463 1$1001SOBE00060671$12000 $a<<5: [>>Melanges de litterature et de philosophie. 2] / Condorcet 463 1$1001SOBE00060672$12000 $a<<6: [>>Melanges de litterature et de philosophie. 3] / Condorcet 463 1$1001SOBE00060673$12000 $a<<7: [>>Economie politique et politique. 1] / Condorcet 463 1$1001SOBE00060674$12000 $a<<8: [>>Economie politique et politique. 2] / Condorcet 463 1$1001SOBE00060677$12000 $a<<9: [>>Economie politique et politique. 3] / Condorcet 463 1$1001SOBE00060678$12000 $a<<10: [>>Economie politique et politique. 4] / Condorcet 463 1$1001SOBE00060679$12000 $a<<11: [>>Politique. 1] / Condorcet 463 1$1001SOBE00060680$12000 $a<<12: [>>Politique. 2] / Condorcet 700 1$aCondorcet$b, Marie Jean Antoine Nicolas : de Caritat, marquis de$3A600200033431$4070$0778898 801 0$aIT$bUNISOB$c20181011$gRICA 912 $aE600200044467 940 $aM 102 Monografia moderna SBN 941 $aM 996 $aOeuvres$91679752 997 $aUNISOB